| 000 | 00556nam a22001817a 4500 | ||
|---|---|---|---|
| 999 |
_c10743 _d10743 |
||
| 003 | AR-CdUCM | ||
| 008 | 190401b ||||| |||| 00| 0 spa d | ||
| 040 |
_aMUNICIPALIDAD PROVINCIAL DEL CUSCO _cBIBLIOTECA MUNICIPAL DEL CUSCO |
||
| 082 |
_aES / 800 / _bM28 |
||
| 100 |
_aMatto de Turner, Clorinda _9719 |
||
| 245 | _aAve sin nido / | ||
| 260 |
_aLima : _bEditorial Toribio Anyarin Injante, |
||
| 300 |
_a128 paginas ; _c15 cm. |
||
| 505 | _aContenido :Ave sin nido. | ||
| 650 |
_aLiteratura contemporánea _9759 |
||
| 942 |
_2ddc _cLIBROS |
||
| 945 | _arum | ||